| 000 | 00345nam a2200133Ia 4500 | ||
|---|---|---|---|
| 005 | 20260328101515.0 | ||
| 008 | 260328s9999||||xx |||||||||||||| ||und|| | ||
| 100 | _aGriffini, E.A. | ||
| 245 | 0 |
_aConstrucción Racional de la Casa - Vol. 1 / _cE.A. Griffini |
|
| 260 | _bHoepli | ||
| 300 | _a290 p. | ||
| 650 | _aMEDIDAS Y DIMENSIONES | ||
| 942 | _cBK | ||
| 999 |
_c9345 _d9345 |
||